000 00253nam a2200097Ia 4500
001 1120621
005 20250827004628.0
008 250824s9999 xx 000 0 und d
245 0 _aESİR ŞEHRİN İNSANLARI
_cKEMAL TAHİR
260 _bKETEBE YAYINEVİ
999 _c1120621
_d1120621